000 00603nam a22002177a 4500
003 BD-DhJNU
005 20251008075123.0
008 251008b |||||||| |||| 00| 0 eng d
020 _a9789356064911
040 _aBD-DhJNU
_bENG
_cBD-DhJNU
_dBD-DhJNU
082 _223
_a658 ROM
100 _aRobbins, Stephen P.
245 _aManagement /
_cStephen P. Robbins and Mary Coulter
250 _a15th ed.
260 _aNew Delhi :
_bPearson,
_c2024.
300 _axxxviii, 658p. :
_bill. ;
_c26 cm.
504 _aIncludes index
650 _aManagement
700 _aCoulter, Mary
942 _2ddc
_cBK
_n0
999 _c2194
_d2194